000 01528aam a2200313 4500
001 19426
003 CO-MdFUSB
005 20190202100509.0
008 170420t1997 xxu||||f |||| 00| 0 eng d
020 _a0-631-20141-6
040 _aCO-MdFUSB
_bspa
_cCO-MdFUSB
_dCO-MdFUSBC
_erda
041 _aeng
082 _224
_aG 230.09
_bP858p
100 1 _aWard, Graham., (Editor)
245 1 4 _aThe postmodern God
_b: A theological reader
_c/ Editado por Graham Ward
264 1 _aLondon :
_bBlackwell Publishers,
_c℗1997
264 4 _c©1997
300 _axlvii, 368 páginas
_b:
_c;
336 _2rdacontent
_a1
_ba1
337 _2rdamedia
_a2
_b5
338 _2rdacarrier
_a2
_b5
490 _aBlackwell Readings in Modern Theology
500 _aIncluy índice (p. 356-368)
505 0 0 _aTextos seleccionados sobre teólogos posmodernos: George Bataille - Jacques Lacan - Emmanuel Levinas - Roland Barthes - René Girard - Michel Foucault - Michel de Certeau - Jacques Derrida - Luce Irigaray - Julia Kristeva - Ensayos seleccionados sobre temas posmodernos: Desde patriarquía hacia la libertad: Una conversación entre la teología americana feminista y el feminismo francés - Liturgia y kénosis - Agustinianismo crítica posmoderna - Metafísica y la fenomenología - Un estudio de la revisión del Credo de Nicea - Nueva Jerusalén, antigua Atenas - La santidad y algunas aporías de la posmodernidad
563 _aRústico
650 7 _aFilosofía y religión
_2
_9198
942 _cBK
999 _c45791
_d45791